[Event "163 Stay Safe Play From Home"]
[Site "T#646248Emanuel Laske"]
[Date "2020.05.22"]
[Round "8"]
[White "Fischer_11"]
[Black "Mepe_Nika"]
[Result "0-1"]
[WhiteElo "2065"]
[BlackElo "2338"]
[Annotator "NA RC"]
[PlyCount "124"]
[EventDate "2020.05.22"]
[EventType "swiss (blitz)"]

1. e4 {[%emt 0:00:04]} c5 {[%emt 0:00:01]} 2. c3 {[%emt 0:00:01]} d5 {[%emt 0:00:02]} 3. exd5 {[%emt 0:00:01]} Nf6 {[%emt 0:00:00]} 4. d4 {[%emt 0:00:00]} Nxd5 {[%emt 0:00:01]} 5. Nf3 {[%emt 0:00:01]} cxd4 {[%emt 0:00:01]} 6. Nxd4 {[%emt 0:00:00]} Nc6 {[%emt 0:00:01]} 7. Nxc6 {[%emt 0:00:01]} bxc6 {[%emt 0:00:01]} 8. Bc4 {[%emt 0:00:01]} g6 {[%emt 0:00:01]} 9. Qd4 {[%emt 0:00:02]} Nf6 {[%emt 0:00:02]} 10. Qxd8+ {[%emt 0:00:01]} Kxd8 {[%emt 0:00:00]} 11. Bg5 {[%emt 0:00:01]} Bg7 {[%emt 0:00:01]} 12. Bxf7 {[%emt 0:00:01]} Rb8 {[%emt 0:00:01]} 13. b3 {[%emt 0:00:02]} e6 {[%emt 0:00:01]} 14. Nd2 {[%emt 0:00:05]} Ke7 {[%emt 0:00:01]} 15. Bxg6 {[%emt 0:00:02]} hxg6 {[%emt 0:00:01]} 16. Nc4 {[%emt 0:00:00]} Ba6 {[%emt 0:00:04]} 17. Ne5 {[%emt 0:00:01] Fischer_11 bietet Remis} Rh5 {[%emt 0:00:04]} 18. Nxc6+ {[%emt 0:00:01]} Kd6 {[%emt 0:00:01]} 19. Nxb8 {[%emt 0:00:00]} Bb7 {[%emt 0:00:01]} 20. Bf4+ {[%emt 0:00:02]} e5 {[%emt 0:00:02]} 21. Be3 {[%emt 0:00:01]} Kc7 {[%emt 0:00:01]} 22. Bxa7 {[%emt 0:00:01]} Nd5 {[%emt 0:00:02]} 23. O-O-O {[%emt 0:00:04]} e4 {[%emt 0:00:02]} 24. c4 {[%emt 0:00:01]} Nb6 {[%emt 0:00:06]} 25. Bxb6+ {[%emt 0:00:02]} Kxb6 {[%emt 0:00:00]} 26. Nd7+ {[%emt 0:00:02]} Kc7 {[%emt 0:00:01]} 27. Rhe1 {[%emt 0:00:04]} Bh6+ {[%emt 0:00:01]} 28. Kc2 {[%emt 0:00:02]} e3 {[%emt 0:00:00]} 29. fxe3 {[%emt 0:00:01]} Rg5 {[%emt 0:00:01]} 30. g3 {[%emt 0:00:01]} Rf5 {[%emt 0:00:01]} 31. e4 {[%emt 0:00:02]} Rf2+ {[%emt 0:00:02]} 32. Kc3 {[%emt 0:00:01]} Bg7+ {[%emt 0:00:01]} 33. Ne5 {[%emt 0:00:01]} Bxe5+ {[%emt 0:00:01]} 34. Kb4 {[%emt 0:00:01]} Bc6 {[%emt 0:00:01]} 35. c5 {[%emt 0:00:01]} Rxa2 {[%emt 0:00:01]} 36. Kc4 {[%emt 0:00:00]} Rc2+ {[%emt 0:00:01]} 37. Kd3 {[%emt 0:00:01]} Rc3+ {[%emt 0:00:01]} 38. Ke2 {[%emt 0:00:00]} Bb5+ {[%emt 0:00:01]} 39. Kf2 {[%emt 0:00:00]} Rxb3 {[%emt 0:00:00]} 40. Re3 {[%emt 0:00:00]} Rb2+ {[%emt 0:00:01]} 41. Kf3 {[%emt 0:00:01]} Bc6 {[%emt 0:00:01]} 42. Rd5 {[%emt 0:00:01]} Bxd5 {[%emt 0:00:01]} 43. exd5 {[%emt 0:00:00]} Bd4 {[%emt 0:00:01]} 44. h4 {[%emt 0:00:00]} Bxe3 {[%emt 0:00:01]} 45. Kxe3 {[%emt 0:00:00]} Rb5 {[%emt 0:00:01]} 46. Ke4 {[%emt 0:00:00]} Rxc5 {[%emt 0:00:01]} 47. Ke5 {[%emt 0:00:00]} Kd7 {[%emt 0:00:00]} 48. Kf6 {[%emt 0:00:00]} Rxd5 {[%emt 0:00:01]} 49. Kxg6 {[%emt 0:00:00]} Rd6+ {[%emt 0:00:00]} 50. Kg7 {[%emt 0:00:01]} Ke7 {[%emt 0:00:00]} 51. g4 {[%emt 0:00:00]} Rd4 {[%emt 0:00:01]} 52. g5 {[%emt 0:00:00]} Rxh4 {[%emt 0:00:00]} 53. g6 {[%emt 0:00:00]} Ke6 {[%emt 0:00:01]} 54. Kg8 {[%emt 0:00:00]} Kf6 {[%emt 0:00:01]} 55. g7 {[%emt 0:00:00]} Rg4 {[%emt 0:00:00]} 56. Kf8 {[%emt 0:00:00]} Rxg7 {[%emt 0:00:00]} 57. Ke8 {[%emt 0:00:00]} Ke6 {[%emt 0:00:00]} 58. Kd8 {[%emt 0:00:00]} Rf7 {[%emt 0:00:00]} 59. Kc8 {[%emt 0:00:00]} Kd6 {[%emt 0:00:00]} 60. Kb8 {[%emt 0:00:00]} Kc6 {[%emt 0:00:00]} 61. Ka8 {[%emt 0:00:00]} Kb6 {[%emt 0:00:01]} 62. Kb8 {[%emt 0:00:00]} Rf8# {[%emt 0:00:00] (Lag: Av=0.30s, max=0.4s)} 0-1

[Event "163 Stay Safe Play From Home"]
[Site "T#646248Emanuel Laske"]
[Date "2020.05.22"]
[Round "8"]
[White "Victory_gm"]
[Black "Hoffentlichreichts"]
[Result "0-1"]
[WhiteElo "2028"]
[BlackElo "2401"]
[Annotator "TA"]
[PlyCount "42"]
[EventDate "2020.05.22"]
[EventType "swiss (blitz)"]

{[%evp 9,42,26,31,17,22,16,15,11,2,3,29,10,18,-18,-17,-145,-141,-1009,-1002,-1042,-1056,-1032,-1060,-1106,-1089,-1093,-1101,-1243,-1214,-1374,-1170,-1331,-1319,-1419,-1401]} 1. d4 c6 2. Nf3 g6 3. e3 Bg7 4. Bd3 Nf6 5. O-O O-O 6. b3 {A40: Unusual replies to 1 d4.} d6 7. Bb2 Bg4 8. h3 {The position is equal.} Bxf3 9. Qxf3 Nbd7 {[%cal Bb8d7,Bd7e5,Be5d3][%mdl 32]} 10. Nd2 {[#]} Re8 $146 ({Predecessor:} 10... a5 11. a4 Re8 12. e4 e5 13. Nc4 Qc7 14. dxe5 Nxe5 15. Nxe5 dxe5 16. Rfd1 Nd7 {0-1 (58) Ho,H (1910)-Syed Ahmad,A Tromsoe 2014}) 11. e4 e5 12. c4 {[#]} (12. Rad1 $11 {remains equal.}) 12... exd4 $1 $17 13. Bc3 $2 {[%mdl 8192]} (13. Rae1 $17) 13... dxc3 $19 {Black is clearly winning.} 14. Nb1 Ne5 15. Qe2 Nxd3 16. Qxd3 Nxe4 17. Na3 d5 18. c5 Nxc5 19. Qc2 Ne4 20. Rae1 Qb6 21. Nb1 Ng3 {White did not feel at home in the position after the opening. Accuracy: White = 40%, Black = 85%.} 0-1

[Event "163 Stay Safe Play From Home"]
[Site "T#646248Emanuel Laske"]
[Date "2020.05.22"]
[Round "8"]
[White "Weltszmerc"]
[Black "Lamborghini"]
[Result "0-1"]
[WhiteElo "1966"]
[BlackElo "2183"]
[Annotator "TA"]
[PlyCount "96"]
[EventDate "2020.05.22"]
[EventType "swiss (blitz)"]

{[%evp 15,96,36,58,1,-4,-20,-5,-36,-37,-39,-30,-125,-83,-91,-20,-54,-78,-42,19,-68,-47,-35,-3,0,-2,-89,38,38,29,-17,8,5,0,-14,0,-30,0,-22,0,-15,0,-2,0,-14,-19,-18,-23,-37,-32,-823,-802,-821,-833,-826,-813,-816,-789,-3095,-3008,-2520,-1495,-1223,-1189,-1093,-1083,-1039,-886,-1061,-1012,-1592,-1591,-1406,-1286,-29987,-29988,-29989,-29988,-29986,-29987,-29987,-29988,-29988,-29988]} 1. d4 Nf6 2. c4 g6 3. Nf3 Bg7 4. g3 O-O 5. Bg2 d6 6. O-O c6 7. Nc3 Qa5 {7...Bf5 gains popularity. Played by Fabiano Caruana in May 2020.} 8. e4 Bg4 9. Be3 {E62: King's Indian: Fianchetto: 6...c6 and Panno Variation (6...Nc6) without ...a6.} (9. h3 $14 Bxf3 10. Bxf3 (10. Qxf3 Nfd7 $14)) 9... Qh5 $1 $11 10. Re1 e5 11. dxe5 {The position is equal.} dxe5 12. Bc5 Re8 {[#]} 13. Qd3 $146 (13. Re3 $11 {remains equal.}) ({Predecessor:} 13. Re3 Na6 14. Ba3 Rad8 15. Qf1 Bxf3 16. Rxf3 Rd4 17. Rd1 Qg4 18. Rfd3 Qd7 19. Bh3 {½-½ (45) Demeny,A (2195)-Gaubmann,T Keszthely 1995}) 13... Nbd7 14. Ba3 Nb6 (14... Rad8 $17 {Threatens to win with ...Nf8.} 15. Nh4 Nc5) 15. Nd2 Rad8 16. Qc2 Bh3 (16... Bh6 $15 17. Ncb1 Na8) 17. f3 ({Better is} 17. Rad1 $11) 17... Bxg2 18. Kxg2 Qg5 (18... Bh6 {looks sharper.} 19. Ncb1 Rd7 20. Nb3 Red8 21. Qe2 Na4) 19. Rad1 Nh5 20. Kh1 {[#]} (20. c5 $11 Bh6 21. Ncb1) 20... Bf8 ({Black should play} 20... Bh6 $1 $17 {[%cal Rd8d2]} 21. Nf1 Nxc4) 21. Bxf8 $14 Rxf8 22. b3 Rd7 23. Nf1 Rfd8 24. Rxd7 Rxd7 25. Qe2 Qd8 26. Rd1 Rd4 27. Qc2 Nf6 28. Ne3 Rxd1+ 29. Qxd1 Qd4 30. Qe1 Nbd7 31. Nc2 Qd3 32. Kg2 $2 {[%mdl 8192] Now White is beyond hope.} (32. Ne3 $15) 32... Qxc2+ $19 33. Ne2 Nc5 34. Qf2 Nd3 35. Qe3 h5 36. h3 h4 37. g4 Qxe2+ {[%mdl 64] [#] Remove Defender, Deflection, Decoy} 38. Qxe2 Nf4+ {[%mdl 64] Double Attack} 39. Kf2 Nxe2 40. Kxe2 {[%mdl 4096] Endgame KN-KP} Nd7 41. Ke3 Nc5 42. b4 Ne6 43. Kd3 Nf4+ 44. Kc3 Nxh3 {Black mates.} 45. c5 Ng5 46. b5 cxb5 47. c6 bxc6 48. Kb4 Ne6 {Accuracy: White = 40%, Black = 64%.} 0-1

[Event "163 Stay Safe Play From Home"]
[Site "T#646248Emanuel Laske"]
[Date "2020.05.22"]
[Round "8"]
[White "Emresenar"]
[Black "Frido-BBB"]
[Result "1-0"]
[WhiteElo "1733"]
[BlackElo "1621"]
[Annotator "NA RC"]
[PlyCount "67"]
[EventDate "2020.05.22"]
[EventType "swiss (blitz)"]

1. e4 {[%emt 0:00:02]} e5 {[%emt 0:00:01]} 2. Nf3 {[%emt 0:00:00]} d6 {[%emt 0:00:00]} 3. Bc4 {[%emt 0:00:01]} Bg4 {[%emt 0:00:00]} 4. Nc3 {[%emt 0:00:01]} Nd7 {[%emt 0:00:01]} 5. h3 {[%emt 0:00:05]} Bh5 {[%emt 0:00:01]} 6. g4 {[%emt 0:00:01]} Bg6 {[%emt 0:00:01]} 7. d4 {[%emt 0:00:01]} Ngf6 {[%emt 0:00:01]} 8. Ng5 {[%emt 0:00:03]} h6 {[%emt 0:00:03]} 9. Nf3 {[%emt 0:00:04]} Nxe4 {[%emt 0:00:01]} 10. dxe5 {[%emt 0:00:03]} Nxc3 {[%emt 0:00:05]} 11. bxc3 {[%emt 0:00:00]} Be4 {[%emt 0:00:04]} 12. Qe2 {[%emt 0:00:03]} Bxf3 {[%emt 0:00:01]} 13. Qxf3 {[%emt 0:00:00]} Nxe5 {[%emt 0:00:01]} 14. Qe4 {[%emt 0:00:03]} f6 {[%emt 0:00:04]} 15. f4 {[%emt 0:00:02]} Qe7 {[%emt 0:00:05]} 16. fxe5 {[%emt 0:00:02]} dxe5 {[%emt 0:00:01]} 17. Qxb7 {[%emt 0:00:04]} Rd8 {[%emt 0:00:02]} 18. Qc6+ {[%emt 0:00:02]} Rd7 {[%emt 0:00:02]} 19. Bb5 {[%emt 0:00:01]} Kf7 {[%emt 0:00:02]} 20. Qxd7 {[%emt 0:00:01]} g5 {[%emt 0:00:02]} 21. Bc4+ {[%emt 0:00:03]} Kg6 {[%emt 0:00:03]} 22. Qxe7 {[%emt 0:00:04]} Bxe7 {[%emt 0:00:01]} 23. Bd3+ {[%emt 0:00:01]} Kf7 {[%emt 0:00:02]} 24. Be3 {[%emt 0:00:01]} Bd6 {[%emt 0:00:01]} 25. Kf2 {[%emt 0:00:01]} Rd8 {[%emt 0:00:04]} 26. Bf5 {[%emt 0:00:01]} a5 {[%emt 0:00:02]} 27. Rad1 {[%emt 0:00:00]} Rb8 {[%emt 0:00:02]} 28. Kf3 {[%emt 0:00:01]} Rb2 {[%emt 0:00:00]} 29. Rd2 {[%emt 0:00:01]} Rxa2 {[%emt 0:00:01]} 30. Rb1 {[%emt 0:00:00]} Ra3 {[%emt 0:00:01]} 31. Rb7 {[%emt 0:00:01]} Rxc3 {[%emt 0:00:01]} 32. Rd3 {[%emt 0:00:00]} Rxc2 {[%emt 0:00:01]} 33. Rxd6 {[%emt 0:00:01]} Rh2 {[%emt 0:00:00]} 34. Kg3 {[%emt 0:00:01] Zeit (Lag: Av=0.72s, max=1.0s)} 1-0

[Event "163 Stay Safe Play From Home"]
[Site "T#646248Emanuel Laske"]
[Date "2020.05.22"]
[Round "8"]
[White "Trotsky"]
[Black "Ionutn28"]
[Result "0-1"]
[WhiteElo "1591"]
[BlackElo "1791"]
[Annotator "NA RC"]
[PlyCount "52"]
[EventDate "2020.05.22"]
[EventType "swiss (blitz)"]

1. d4 {[%emt 0:00:02]} d5 {[%emt 0:00:02]} 2. e3 {[%emt 0:00:00]} Nf6 {[%emt 0:00:01]} 3. c4 {[%emt 0:00:01]} e6 {[%emt 0:00:00]} 4. Nc3 {[%emt 0:00:01]} Bd6 {[%emt 0:00:02]} 5. Nf3 {[%emt 0:00:01]} O-O {[%emt 0:00:01]} 6. c5 {[%emt 0:00:00]} Be7 {[%emt 0:00:01]} 7. Bd3 {[%emt 0:00:01]} c6 {[%emt 0:00:01]} 8. Qc2 {[%emt 0:00:00]} b5 {[%emt 0:00:00]} 9. Ng5 {[%emt 0:00:01]} h6 {[%emt 0:00:01]} 10. h4 {[%emt 0:00:01]} a5 {[%emt 0:00:02]} 11. Bd2 {[%emt 0:00:01]} a4 {[%emt 0:00:01]} 12. e4 {[%emt 0:00:02]} dxe4 {[%emt 0:00:01]} 13. Ncxe4 {[%emt 0:00:01]} Nxe4 {[%emt 0:00:01]} 14. Bxe4 {[%emt 0:00:01]} b4 {[%emt 0:00:02]} 15. Bh7+ {[%emt 0:00:01]} Kh8 {[%emt 0:00:01]} 16. Bg8 {[%emt 0:00:00]} f5 {[%emt 0:00:06]} 17. Bh7 {[%emt 0:00:04]} Nd7 {[%emt 0:00:06]} 18. g3 {[%emt 0:00:01]} Nf6 {[%emt 0:00:01]} 19. Bg6 {[%emt 0:00:03]} b3 {[%emt 0:00:04]} 20. Qb1 {[%emt 0:00:02]} bxa2 {[%emt 0:00:02]} 21. Rxa2 {[%emt 0:00:01]} e5 {[%emt 0:00:01]} 22. Bc3 {[%emt 0:00:04]} exd4 {[%emt 0:00:01]} 23. Bd2 {[%emt 0:00:11]} Bxc5 {[%emt 0:00:01]} 24. Qd3 {[%emt 0:00:02]} Qd5 {[%emt 0:00:01]} 25. g4 {[%emt 0:00:10]} a3 {[%emt 0:00:02]} 26. gxf5 {[%emt 0:00:02]} axb2 {[%emt 0:00:02] Âðåìÿ (Lag: Av=0.47s, max=0.7s) .} 0-1

[Event "163 Stay Safe Play From Home"]
[Site "T#646248Emanuel Laske"]
[Date "2020.05.22"]
[Round "8"]
[White "Aktürk"]
[Black "SecantFX"]
[Result "0-1"]
[WhiteElo "1457"]
[BlackElo "1902"]
[Annotator "RC"]
[PlyCount "78"]
[EventDate "2020.05.22"]
[EventType "swiss (blitz)"]

1. e3 {[%emt 0:00:01]} b6 {[%emt 0:00:01]} 2. Qf3 {[%emt 0:00:00]} Bb7 {[%emt 0:00:00]} 3. Qxb7 {[%emt 0:00:01]} Nc6 {[%emt 0:00:00]} 4. Qa6 {[%emt 0:00:01]} Nb4 {[%emt 0:00:01]} 5. Qa4 {[%emt 0:00:03]} e6 {[%emt 0:00:03]} 6. a3 {[%emt 0:00:02]} Nd5 {[%emt 0:00:01]} 7. Qb3 {[%emt 0:00:02]} c6 {[%emt 0:00:01]} 8. Bc4 {[%emt 0:00:03]} b5 {[%emt 0:00:01]} 9. Bxd5 {[%emt 0:00:01]} exd5 {[%emt 0:00:00]} 10. Nc3 {[%emt 0:00:01]} a5 {[%emt 0:00:01]} 11. Nce2 {[%emt 0:00:02]} a4 {[%emt 0:00:01]} 12. Qc3 {[%emt 0:00:01]} Nf6 {[%emt 0:00:00]} 13. Nf4 {[%emt 0:00:02]} Bd6 {[%emt 0:00:01]} 14. Nf3 {[%emt 0:00:01]} O-O {[%emt 0:00:01]} 15. Nd3 {[%emt 0:00:03]} Ne4 {[%emt 0:00:01]} 16. Qd4 {[%emt 0:00:04]} f6 {[%emt 0:00:01]} 17. Nf4 {[%emt 0:00:03]} Re8 {[%emt 0:00:01]} 18. Qd3 {[%emt 0:00:02]} Qe7 {[%emt 0:00:01]} 19. Ne2 {[%emt 0:00:02]} Nc5 {[%emt 0:00:01]} 20. Qc3 {[%emt 0:00:03]} g6 {[%emt 0:00:01]} 21. Nh4 {[%emt 0:00:02]} Ne4 {[%emt 0:00:01]} 22. Qd3 {[%emt 0:00:02]} Be5 {[%emt 0:00:02]} 23. c4 {[%emt 0:00:02]} bxc4 {[%emt 0:00:01]} 24. Qc2 {[%emt 0:00:01]} c5 {[%emt 0:00:01]} 25. d3 {[%emt 0:00:01]} cxd3 {[%emt 0:00:01]} 26. Qxd3 {[%emt 0:00:01]} c4 {[%emt 0:00:01]} 27. Qxd5+ {[%emt 0:00:02]} Kg7 {[%emt 0:00:02]} 28. Nxg6 {[%emt 0:00:01]} hxg6 {[%emt 0:00:01]} 29. Ng3 {[%emt 0:00:01]} Nxg3 {[%emt 0:00:01]} 30. hxg3 {[%emt 0:00:01]} d6 {[%emt 0:00:00]} 31. Rh7+ {[%emt 0:00:02]} Kxh7 {[%emt 0:00:01]} 32. Ke2 {[%emt 0:00:01]} Kg7 {[%emt 0:00:00]} 33. e4 {[%emt 0:00:01]} Rh8 {[%emt 0:00:00]} 34. Bg5 {[%emt 0:00:01]} fxg5 {[%emt 0:00:01]} 35. Rd1 {[%emt 0:00:02]} Qf6 {[%emt 0:00:01]} 36. Qxc4 {[%emt 0:00:00]} Raf8 {[%emt 0:00:01]} 37. Qc7+ {[%emt 0:00:01]} Rf7 {[%emt 0:00:01]} 38. Qxf7+ {[%emt 0:00:01]} Qxf7 {[%emt 0:00:01]} 39. Rd5 {[%emt 0:00:00]} Rf8 {[%emt 0:00:01] Zaman (Lag: Av=0.56s, max=1.0s)} 0-1

[Event "163 Stay Safe Play From Home"]
[Site "T#646248Emanuel Laske"]
[Date "2020.05.22"]
[Round "9"]
[White "Hoffentlichreichts"]
[Black "Weltszmerc"]
[Result "0-1"]
[WhiteElo "2405"]
[BlackElo "1958"]
[Annotator "TA"]
[PlyCount "128"]
[EventDate "2020.05.22"]
[EventType "swiss (blitz)"]

{[%evp 15,127,7,13,-41,-33,-53,18,10,12,-10,-10,-26,-36,-39,-39,-53,13,-21,-11,-52,-4,-8,29,28,37,-64,-6,-42,-12,-12,-12,-39,-23,-9,-1,-90,-12,-107,-104,-104,-99,-239,-238,-242,-226,-341,-346,-339,-312,-350,-219,-219,328,-159,55,-366,-385,-383,-373,-449,-440,-439,-417,-489,-480,-638,-621,-606,-512,-597,-350,-6202,-6283,-5435,-5183,-2234,-2037,-1477,-833,-29983,-29984,-29992,-29993,-29993,-29992,-29992,-29991,-29991,-29990,-29993,-29987,-29994,-29992,-29992,-29993,-29996,-29994,-29995,-29996,-29996,-29997,-29997,-29995,-29997,-29996,-29996,-29997,-29997,-29998,-29998,-29997,-29998,-29997,-29999]} 1. Nf3 Nf6 2. g3 d5 3. Bg2 c6 4. O-O Bf5 5. b3 e6 6. Bb2 Bc5 7. d3 O-O 8. Nbd2 h6 9. e4 {A07: Réti Opening: New York and Capablanca Systems.} ({White should play} 9. Qe1 $11) 9... dxe4 $15 10. Nh4 Bh7 {[#]} (10... e3 $15 11. Nxf5 exf5) 11. Nxe4 $146 {The position is equal.} ({Predecessor:} 11. dxe4 Bd4 12. c3 Bc5 13. Qe2 a5 14. a3 Nbd7 15. b4 axb4 16. cxb4 Be7 17. Rfd1 {0-1 (49) Schein,K (2206)-Aschenbrenner,R (2233) Austria 2013}) 11... Nxe4 12. dxe4 (12. Bxe4 {feels hotter.} Bxe4 13. dxe4 Nd7 14. a4 Be7 15. Nf3) 12... Qxd1 13. Raxd1 (13. Rfxd1 {seems wilder.} Na6 14. a3 Rfd8 15. b4 Be7 16. Bf3) 13... Na6 14. a3 Rad8 15. b4 Bb6 (15... Be7 $15) 16. c4 Bc7 17. c5 Nb8 18. f4 Nd7 19. e5 Nb8 20. f5 (20. Nf3 $14) 20... exf5 (20... Rxd1 $15 21. Rxd1 Bxf5) 21. Bh3 ({Don't blunder} 21. Nxf5 $2 Rxd1 22. Ne7+ Kh8 $19) 21... Rxd1 22. Rxd1 g6 23. Ng2 Rd8 24. Rxd8+ Bxd8 25. Nf4 (25. Ne3 $11 {keeps the balance.}) 25... Bc7 (25... Nd7 $17) 26. Kf2 (26. e6 $11 Kf8 27. Bg7+ Ke7 28. exf7 (28. Bxh6 fxe6 29. Bf1 e5 $17) 28... Kxf7 29. Bxh6) 26... Kf8 $17 27. Ke3 Ke7 28. e6 (28. Nd3 $17) 28... fxe6 $19 29. Nd3 Nd7 30. Bg2 (30. Bg7 $142) 30... e5 31. b5 cxb5 32. Bxb7 e4 33. Nb4 Nf6 $4 {[%mdl 8192] [#]} (33... Nxc5 $19 34. Nd5+ Kd6 35. Nxc7 Kxc7) 34. Bc6 $2 (34. Bxf6+ $1 $18 Kxf6 35. Nd5+ {[%mdl 64] Double Attack} Ke5 36. Nxc7) 34... a5 $2 ({Better is} 34... Ng4+ $17 35. Ke2 Bg8 36. Bxb5 Nxh2 37. Nc6+ Ke6 38. Bc4+ Kd7 {[%mdl 64] Discovered Attack} 39. Bxg8 Kxc6) 35. Nd5+ $2 {[%mdl 8192] White is on the road to losing.} (35. Bxf6+ $1 $14 {was the only good move.} Kxf6 36. Nd5+ {[%mdl 64] Double Attack} Ke5 37. Nxc7) 35... Nxd5+ 36. Bxd5 {[%mdl 4096] Endgame KBB-KBB} g5 37. Bg7 f4+ 38. Ke2 f3+ 39. Ke3 h5 40. Bh6 g4 41. Bg5+ Kd7 42. c6+ Kd6 43. Bf7 $2 (43. Bf4+ Kxd5 44. Bxc7) 43... Bb6+ 44. Kd2 f2 45. Ke2 e3 {[#] ( -> ...Bd3+!)} 46. Bf4+ Kxc6 {...Bd3+! is the strong threat.} 47. Bxe3 Bxe3 {Black mates.} 48. Kxe3 f1=Q 49. Bxh5 Kd6 50. Bxg4 Qf6 51. Be2 Qe5+ 52. Kd2 Bb1 53. Bd3 Qb2+ 54. Ke3 Bxd3 55. Kf4 Qxa3 56. Kg5 Qb2 57. g4 Qxh2 58. Kf6 Be2 59. Kf7 Qg2 60. Kf8 Qxg4 61. Kf7 Qg5 62. Kf8 Qf5+ 63. Ke8 Qe6+ 64. Kd8 Qd7# {Accuracy: White = 28%, Black = 51%.} 0-1

[Event "163 Stay Safe Play From Home"]
[Site "T#646248Emanuel Laske"]
[Date "2020.05.22"]
[Round "9"]
[White "Mepe_Nika"]
[Black "SecantFX"]
[Result "1-0"]
[WhiteElo "2344"]
[BlackElo "1905"]
[Annotator "TA"]
[PlyCount "47"]
[EventDate "2020.05.22"]
[EventType "swiss (blitz)"]

{[%evp 9,46,97,138,127,164,139,142,140,144,144,231,94,112,65,59,-8,0,-12,133,27,45,53,35,14,82,64,49,-63,-58,-79,-70,-139,-141,-138,-116,-196,-175,-182,29999]} 1. e4 c6 2. d4 b6 3. c4 Bb7 4. Nc3 {[#]} g6 $146 ({Predecessor:} 4... e6 5. Nf3 h6 6. Bd3 Na6 7. a3 Nc7 8. O-O Be7 9. Be3 d5 10. cxd5 exd5 {1-0 (53) Smietanska,W (1577)-Vrabel,P (1715) Valasska Bystrice 2019}) 5. h4 Bg7 6. h5 {B12: Caro-Kann: Advance Variation.} e6 7. h6 Bf8 8. Nf3 {White is clearly better.} Be7 9. e5 f5 (9... Na6 $16 {keeps fighting.} 10. Bf4 d5) 10. exf6 (10. d5 $18) 10... Nxf6 $16 11. Bg5 O-O 12. Bd3 (12. Qd2 $14) 12... c5 $1 $11 13. dxc5 Bxc5 {[#]} (13... bxc5 $11 14. Qc2 Bxf3 15. gxf3 Kh8) 14. Qc2 (14. Bxg6 $1 $16 Qc7 15. Qd3 Bxf3 16. gxf3 {[%mdl 64] Remove Defender}) 14... Qe8 15. O-O-O Bxf3 16. gxf3 {With the idea Nb5.} Qf7 (16... Nc6 $11 {keeps the balance.}) 17. Kb1 Nc6 18. Rhg1 (18. Ne4 $14 Nxe4 19. Bxe4) 18... Nd4 $1 $15 {[%csl LRc2,LRf3][%mdl 64] [#] Double Attack} 19. Qa4 Nxf3 {[%mdl 64] Discovered Attack} 20. Bxf6 ({White should play} 20. Rg2 $15) 20... Qxf6 $17 21. Ne4 Qf4 22. Nxc5 (22. Qxd7 $17 {might work better.} Rf7 23. Qc6) 22... bxc5 $19 23. Qxd7 {[%csl Gh6][%cal Rd7g7]} Nxg1 $4 {[%mdl 8192]} (23... Rf7 $19 24. Qc6 Rb8) 24. Qg7# {Accuracy: White = 33%, Black = 49%.} 1-0

[Event "163 Stay Safe Play From Home"]
[Site "T#646248Emanuel Laske"]
[Date "2020.05.22"]
[Round "9"]
[White "Shahildey"]
[Black "Aktürk"]
[Result "1-0"]
[WhiteElo "2195"]
[BlackElo "1454"]
[Annotator "TA"]
[PlyCount "57"]
[EventDate "2020.05.22"]
[EventType "swiss (blitz)"]

{[%evp 9,56,53,64,62,141,121,196,172,214,222,362,336,352,314,480,397,589,271,520,502,713,240,457,270,347,273,268,260,277,282,464,466,468,468,686,670,909,885,875,529,1058,936,29993,29994,29994,29995,29997,29993,29999]} 1. g3 e6 2. Bg2 Qf6 3. d3 ({Predecessor:} 3. e4 Nh6 4. Ne2 Ng4 5. O-O Bc5 6. d4 Bb6 7. h3 Nh6 8. Nbc3 c6 9. e5 {1-0 (38) Scurhan,G (2158)-Kilyen,L Sovata 2001}) 3... Bc5 4. e3 Bb6 5. d4 Nc6 6. Ne2 {A00: Irregular Openings.} Qg6 ({Better is} 6... Nge7 $14) 7. O-O Nb4 (7... d6 $16 {keeps fighting.}) 8. Na3 {White is clearly better.} Nc6 9. c4 Nf6 (9... a6 {is a better defense.} 10. c5 Ba7) 10. c5 $18 Ba5 11. Nc2 b5 (11... h5 {was called for.} 12. a3 h4) 12. a3 ({Resist} 12. b4 Nxb4 13. Nxb4 Rb8 $18) 12... b4 (12... h5 $142 13. b4 Bb7 14. bxa5 h4) 13. Bd2 (13. Nf4 $142 Qh6 14. axb4) 13... bxa3 $2 (13... b3) 14. Bxa5 Nxa5 15. Rxa3 $2 (15. Bxa8 c6 16. Rxa3) 15... Nc4 $2 (15... Nc6 {was necessary.} 16. Nf4 Qh6) 16. Rb3 (16. Bxa8 $142 Nxa3 17. Nxa3) 16... Na5 17. Rb5 ({Don't play} 17. Bxa8 Nxb3 18. Ne1 Na5 $18) 17... Nc6 18. Nb4 {[%cal Bc2b4,Bb4c6,Bc6e5][%mdl 32]} a6 {[#]} 19. Nxc6 $1 {[%mdl 512]} axb5 $2 (19... dxc6 {was worth a try.} 20. Bxc6+ Bd7) 20. Ne5 $1 {[%csl LRa8,LRg6][%mdl 64] Discovered Attack} Qf5 21. Bxa8 d6 (21... c6 $142 22. h4 h6) 22. Bc6+ Ke7 23. cxd6+ cxd6 24. Nd3 d5 25. Qb3 {White threatens Qb4+ and mate.} h5 26. Qb4+ {White mates.} Kd8 27. Qd6+ Bd7 {[#]} 28. Ne5 $1 Ne8 29. Qxd7# {Black got outplayed after the opening. Accuracy: White = 56%, Black = 10%.} 1-0